Francisco Jiménez: Debemos actuar hoy, no con miras al 2017 (Registro nro. 27734)
[ vista simple ]
| 000 -CABECERA | |
|---|---|
| Campo de control interno | 01691nam a22001817a 4500 |
| 005 - FECHA Y HORA DE LA CATALOGACION | |
| Campo de control | 20150302145139.0 |
| 008 - ELEMENTOS DE LONGITUD FIJA - INFORMACION | |
| Elementos de Longitud Fija - Informaci | 150302b xxu||||| |||| 00| 0 eng d |
| 040 ## - ORIGEN DE LA CATALOGACION | |
| Origen de la Catalogación | ANE |
| 041 ## - CODIGO DE LENGUAJE | |
| Código de lenguaje del texto | Es |
| 082 ## - NUMERO DE CLASIFICACION DECIMAL DEWEY | |
| 1ra. Clasificación | TV-330 |
| 100 ## - ENTREVISTADO | |
| Entrevistado | Jiménez, Francisco |
| Rol del entrevistado | del colectivo Compromiso Ecuador |
| 245 ## - TÍTULO GENERAL | |
| Título | Francisco Jiménez: Debemos actuar hoy, no con miras al 2017 |
| 260 ## - EDITORIAL | |
| Ciudad | Quito |
| Televisora que emite el programa | Telerama |
| Fecha del Programa | 2015-03-02 |
| 300 ## - DESCRIPCION | |
| Duración en minutos, horas (del programa) | p. |
| 520 ## - RESUMEN | |
| Resumen | Francisco Jiménez, del colectivo Compromiso Ecuador, manifestó que el país vive actualmente una situación difícil con la iniciativa de enmiendas constitucionales que tramita la Asamblea Nacional, pues afirma que pueden provocar mucho daño si logran materializarse y entrar en vigencia. Jiménez señala que este panorama recrudecerá la situación complicada que vive el Ecuador en la actualidad, y afirma que es necesario tomar acción ahora, y agotar todos los mecanismos para impedir que el Gobierno prosiga adelante con esta iniciativa. En este sentido, felicita la pasada reunión de Cuenca, pero asegura que dicha iniciativa fue con miras al 2017, panorama con el que discrepa, pues a su criterio, eso es como "hacerle juego" a la iniciativa del Gobierno, mientras que Compromiso Ecuador apuesta por tomar acciones inmediatamente y defender la democracia recurriendo a todos los caminos legales. (Ecuador en Vivo) |
| 650 ## - DESCRIPTORES - TEMAS | |
| Temas - Descriptores | Acciones inmediatas/colectivo Compromiso Ecuador/Asamblea Nacional/Corte Constitucional/Gobierno Nacional/Asamblea Constituyente Montecristi/Constitución República/enmiendas constitucionales/críticas/reunión Cuenca/iniciativa 2017/necesita iniciativa inmediata /defender democracia/ |
| 942 ## - ELEMENTOS DE KOHA | |
| Esquema de Clasificaci | |
| Tipo de Documento | Material Multimedia (radio y televisión) |
| Catalogador | IES. |
| Withdrawn status | Lost status | Fuente de Clasificaci | Damaged status | Not for loan | Ubicaci | Biblioteca | Fecha de Adquisición | Signatura Topogr | Código de barras | Date last seen | Price effective from | Tipo de Item |
|---|---|---|---|---|---|---|---|---|---|---|---|---|
| Biblioteca Asamblea Nacional | Biblioteca Asamblea Nacional | 2015-03-02 | TV-330 | TV-330 | 2015-03-02 | 2015-03-02 | Material Multimedia (radio y televisión) |